000 01005cam a22001814a 4500
005 20250605163403.0
008 250528s ||||||||||||||||||||||||d
035 _a18142
040 _aGR-AtMCL
_bgre
_dGR-AtMCL
_eAACR2
245 1 _aH Βαsic και Τα Αρχεία Της / Εντολές, Σειριακά Στοιχεία, Προγράμματα, Αρχεία Random
260 _bΑθήνα,
_c1990
300 _a224
520 _aΓενικά, Δομή Προγράμματος Basic, Εντολές (1) Basic, Εντολές (2) Ελέγχου, Εντολές (3) Επαναλήψεων, Υπορουτίνες, Συναρτήσεις, Διαμόρφωση Εξόδου, Πίνακες, Γενικά για Αρχεία Στοιχείων, Σειριακά Αρχεία, Αρχεία Άμεσης Προσπέλασης, Τρέξιμο Προγράμματος με Compiler, Index.
700 1 _aΒατικιώτης Αντώνης
942 _cBK
999 _c3523
_d3523